[Event "2017 Edmonton International"]
[Site "?"]
[Date "2017.06.21"]
[Round "2"]
[White "Ng, Gary"]
[Black "Villavieja, Butch"]
[Result "1-0"]
[WhiteElo "2339"]
[BlackElo "2194"]
[PlyCount "83"]
[EventDate "2017.??.??"]
[SourceDate "2017.09.01"]

1. Nf3 d5 2. c4 e6 3. g3 Nf6 4. Bg2 c5 5. O-O Nc6 6. cxd5 exd5 7. d4 h6 8. Bf4
Bd6 9. dxc5 Bxf4 10. gxf4 O-O 11. Nc3 d4 12. Nb5 Nh5 13. Nbxd4 Nxf4 14. Nxc6
bxc6 15. e3 Nxg2 16. Qxd8 Rxd8 17. Kxg2 Rb8 18. Rfd1 Rxd1 19. Rxd1 Be6 20. b3
Rb5 21. Rc1 Ra5 22. Rc2 Bf5 23. b4 Ra4 24. Rb2 a5 25. Nd4 Bd7 26. b5 cxb5 27.
c6 Rxd4 28. exd4 Bxc6+ 29. Kg3 Kf8 30. Rc2 Bd7 31. Kf4 Ke7 32. Ke5 f6+ 33. Kd5
Be6+ 34. Kc5 Bf5 35. Rb2 Bd3 36. Rb3 Bf1 37. Kc6 a4 38. Re3+ Kd8 39. a3 f5 40.
Kd6 g5 41. Re6 Kc8 42. Kc5 1-0

[Event "2017 Edmonton International"]
[Site "?"]
[Date "2017.06.22"]
[Round "5"]
[White "Haessel, Dale"]
[Black "Ng, Gary"]
[Result "0-1"]
[WhiteElo "2316"]
[BlackElo "2339"]
[PlyCount "118"]
[EventDate "2017.??.??"]
[SourceDate "2017.09.01"]

1. d4 Nf6 2. Nf3 e6 3. g3 b5 4. Bg5 Bb7 5. Nbd2 c5 6. e3 a6 7. a4 Qb6 8. Bxf6
gxf6 9. Bg2 cxd4 10. exd4 Nc6 11. c3 Rc8 12. axb5 axb5 13. O-O Na5 14. Qe2 Be7
15. Rfe1 Nc4 16. Nh4 Bxg2 17. Nxg2 Qc6 18. Nxc4 bxc4 19. Ne3 d5 20. f4 h5 21.
Ra7 Ra8 22. Rxa8+ Qxa8 23. Nf5 Kf8 24. Nxe7 Kxe7 25. f5 Qc6 26. Ra1 Ra8 27.
Rxa8 Qxa8 28. Kg2 Qa1 29. fxe6 fxe6 30. Kh3 Qc1 31. Qxh5 Qxb2 32. Qh7+ Kd6 33.
Qh8 Qxc3 34. Qxf6 Qe3 35. Qf8+ Kc6 36. Qc5+ Kd7 37. Qb5+ Ke7 38. Qc5+ Kf7 39.
Kh4 Qh6+ 40. Kg4 Kg6 41. h4 Qh5+ 42. Kh3 Qf5+ 43. Kg2 Qe4+ 44. Kh2 Kh5 45. Qe7
Kg4 46. Qg5+ Kf3 47. Qd2 Qd3 48. Qf4+ Ke2 49. h5 c3 50. h6 c2 51. Kg2 Qe4+ 52.
Qxe4+ dxe4 53. h7 c1=Q 54. h8=Q Qf1+ 55. Kh2 Qf2+ 56. Kh3 Qf5+ 57. Kh2 Kf2 58.
Qh4 Qf3 59. g4+ Kf1 0-1

[Event "2017 Edmonton International"]
[Site "?"]
[Date "2017.06.23"]
[Round "6"]
[White "Heredia Serrano, Carla"]
[Black "Haessel, Dale"]
[Result "0-1"]
[WhiteElo "2089"]
[BlackElo "2316"]
[PlyCount "39"]
[EventDate "2017.??.??"]
[SourceDate "2017.09.01"]

1. e4 e5 2. Nf3 Nc6 3. Nc3 Nf6 4. Bb5 Bc5 5. Nxe5 Nxe5 6. d4 a6 7. Be2 Bd6 8.
f4 Nc6 9. e5 Bb4 10. exf6 Qxf6 11. a3 Bxc3+ 12. bxc3 d5 13. O-O Bf5 14. Rb1
O-O-O 15. Bd2 Qg6 16. Rb2 h5 17. Qb1 Na5 18. Rf2 Qe6 19. Bd3 g6 20. Rb4 {
Unreadable.} 0-1

[Event "2017 Edmonton International"]
[Site "?"]
[Date "2017.06.20"]
[Round "1"]
[White "Haessel, Dale"]
[Black "Sohal, Tanraj"]
[Result "1-0"]
[WhiteElo "2316"]
[BlackElo "2386"]
[PlyCount "95"]
[EventDate "2017.??.??"]
[SourceDate "2017.09.01"]

1. d4 Nf6 2. Nf3 e6 3. g3 d5 4. Bg2 b5 5. a4 b4 6. O-O Bb7 7. Nbd2 Be7 8. c4
dxc4 9. Nxc4 O-O 10. Bf4 Nbd7 11. Rc1 a5 12. Nfe5 Nd5 13. Nxd7 Qxd7 14. Ne5 Qd8
15. Nd3 Ra7 16. Nc5 Ba8 17. Qd3 Nxf4 18. gxf4 Bxg2 19. Kxg2 Qd5+ 20. Qe4 Qh5
21. e3 Bd6 22. Nb7 Raa8 23. h3 Kh8 24. Rc6 Qe2 25. Rfc1 Rab8 26. Nxd6 cxd6 27.
Qc2 Qh5 28. Rxd6 h6 29. Qc5 Qg6+ 30. Kh2 Rfc8 31. Rc6 Rxc6 32. Qxc6 Rd8 33. Rc5
Qb1 34. Rxa5 Qxb2 35. Kg2 b3 36. Rb5 Qa3 37. Rb7 b2 38. Qc2 f5 39. Rxb2 Ra8 40.
Qc6 Rf8 41. Qc5 Qxb2 42. Qxf8+ Kh7 43. Qe7 Qb3 44. Qd7 Qc4 45. a5 Qa6 46. d5
exd5 47. Qxf5+ Kh8 48. Qxd5 1-0

[Event "2017 Edmonton International"]
[Site "?"]
[Date "2017.06.24"]
[Round "8"]
[White "Arruebarrena, Rafael"]
[Black "Haessel, Dale"]
[Result "1/2-1/2"]
[WhiteElo "2323"]
[BlackElo "2316"]
[PlyCount "114"]
[EventDate "2017.??.??"]
[SourceDate "2017.09.01"]

1. e4 e5 2. Nf3 Nc6 3. Bb5 Nf6 4. O-O Nxe4 5. d4 Nd6 6. Bxc6 dxc6 7. dxe5 Nf5
8. Qxd8+ Kxd8 9. Nc3 Ke8 10. h3 h5 11. Ne4 Be7 12. Rd1 Be6 13. Nfg5 Rh6 14. b3
c5 15. c4 Nd4 16. Bb2 Rd8 17. Kf1 Bf5 18. Rd2 f6 19. Bxd4 cxd4 20. Ng3 Bb4 21.
Nxf5 Bxd2 22. Ne4 Bc3 23. Nxc3 dxc3 24. Nxh6 gxh6 25. exf6 Rd2 26. Rc1 Rxa2 27.
Rxc3 Kf7 28. Rf3 Rb2 29. Ke1 h4 30. Kd1 a5 31. Kc1 Ra2 32. Kb1 Rd2 33. Rf4 Rd1+
34. Kc2 Rg1 35. Rxh4 Rxg2 36. Rxh6 Rxf2+ 37. Kc3 Rf3+ 38. Kb2 Ke6 39. h4 c6 40.
h5 b5 41. f7+ Kd7 42. cxb5 cxb5 43. Rb6 a4 44. b4 Ke7 45. Rb7+ Kf8 46. h6 Rh3
47. Rxb5 Kxf7 48. Rb6 Kg8 49. Ka2 Rb3 50. Rb7 Kh8 51. b5 Rh3 52. b6 Rb3 53.
Rb8+ Kh7 54. b7 Rb6 55. Ka3 Rb1 56. Kxa4 Ra1+ 57. Kb5 Rb1+ 1/2-1/2

[Event "2017 Edmonton International"]
[Site "?"]
[Date "2017.06.25"]
[Round "9"]
[White "Haessel, Dale"]
[Black "Valencia, Belsar"]
[Result "1/2-1/2"]
[WhiteElo "2316"]
[BlackElo "2373"]
[PlyCount "87"]
[EventDate "2017.??.??"]
[SourceDate "2017.09.01"]

1. d4 Nf6 2. c4 g6 3. Nc3 Bg7 4. e4 d6 5. h3 O-O 6. Nf3 e5 7. d5 a5 8. Bg5 Na6
9. Be2 Nc5 10. Nd2 Bd7 11. g4 c6 12. h4 a4 13. h5 Qa5 14. f3 a3 15. Qc2 axb2
16. Rb1 Rfc8 17. Rxb2 cxd5 18. exd5 e4 19. hxg6 hxg6 20. fxe4 Nxg4 21. Nd1 Ba4
22. Qb1 Bxd1 23. Qxd1 Qc3 24. Bxg4 Qg3+ 25. Kf1 Nd3 26. Nf3 Qxg4 27. Qxd3 Bxb2
28. Rh4 Ra3 29. Qxa3 Qxh4 30. Qxb2 Qxe4 31. Qf6 Qxc4+ 32. Kf2 Qc2+ 33. Kg3 Qf5
34. Qxf5 gxf5 35. Be7 Rc5 36. Bxd6 Rxd5 37. Bb4 f6 38. Kf4 Kf7 39. Bc3 Rd3 40.
Bb4 Ke6 41. a3 b6 42. Bf8 Kd5 43. Be7 Ke6 44. Bf8 1/2-1/2

[Event "2017 Edmonton International"]
[Site "?"]
[Date "2017.06.24"]
[Round "7"]
[White "Arruebarrena, Rafael"]
[Black "Frialde, Arniel"]
[Result "1-0"]
[WhiteElo "2323"]
[BlackElo "2313"]
[PlyCount "129"]
[EventDate "2017.??.??"]
[SourceDate "2017.09.01"]

1. e4 c5 2. Nf3 e6 3. d4 cxd4 4. Nxd4 Nc6 5. Nc3 a6 6. Nxc6 bxc6 7. Bd3 d5 8.
O-O Nf6 9. Re1 Bb4 10. e5 Nd7 11. Qg4 Bf8 12. b3 g6 13. Bb2 Bg7 14. Na4 O-O 15.
c4 f5 16. exf6 Nxf6 17. Qe2 Ra7 18. Rac1 d4 19. Rcd1 e5 20. Ba3 Re8 21. Be4 Rf7
22. Bxc6 Bd7 23. Bxd7 Qxd7 24. Nc5 Qc6 25. Ne4 Nh5 26. Nd6 Nf4 27. Qe4 Qxe4 28.
Rxe4 Rd8 29. Nxf7 Kxf7 30. Kf1 g5 31. g3 Ne6 32. Ke2 h5 33. Kd3 Kg6 34. b4 Kf5
35. f3 Rb8 36. Rb1 Bf8 37. Kc2 a5 38. Rbe1 Bg7 39. bxa5 Rc8 40. Kd3 Nc5+ 41.
Bxc5 Rxc5 42. Rb1 Rxa5 43. Re2 g4 44. f4 exf4 45. Re4 Ra3+ 46. Rb3 Rxa2 47. Re2
Ra1 48. Rb5+ Kg6 49. Rb6+ Kf7 50. Rb7+ Kg6 51. Rxg7+ Kxg7 52. Kxd4 h4 53. gxh4
Kf6 54. Kd5 Kf5 55. Rf2 Ra3 56. c5 Rd3+ 57. Kc6 Rh3 58. Kb7 Rb3+ 59. Kc7 Rf3
60. Rd2 Ke4 61. c6 Ke3 62. Rg2 Ke4 63. Kc8 Rh3 64. c7 Rxh4 65. Kb8 1-0

[Event "2017 Edmonton International"]
[Site "?"]
[Date "2017.06.20"]
[Round "1"]
[White "Arruebarrena, Rafael"]
[Black "Villavieja, Butch"]
[Result "1-0"]
[WhiteElo "2323"]
[BlackElo "2194"]
[PlyCount "85"]
[EventDate "2017.??.??"]
[SourceDate "2017.09.01"]

1. e4 c5 2. Nf3 d6 3. d4 cxd4 4. Nxd4 Nf6 5. Nc3 a6 6. Nb3 Nc6 7. Be3 Ng4 8.
Bg5 h6 9. Bh4 g5 10. Bg3 Bg7 11. Be2 h5 12. h3 h4 13. Bxg4 hxg3 14. fxg3 Be5
15. Qf3 Bxg4 16. Qxg4 Nb4 17. O-O Nxc2 18. Qf3 f6 19. Rac1 Nb4 20. a3 Qb6+ 21.
Kh1 Nd3 22. Qxd3 Qxb3 23. Qe2 Rc8 24. Qg4 Rc6 25. Rf3 Kd8 26. Rd3 b5 27. Rcd1
Qxb2 28. Nd5 Rc1 29. Qe6 Re8 30. Nb6 Kc7 31. Qd7+ Kxb6 32. Qxe8 Bxg3 33. Qd8+
Kb7 34. Qxe7+ Kb8 35. Qe8+ Kb7 36. Qf7+ Kb6 37. Qd5 Be5 38. a4 Rc5 39. Qa8 Rc7
40. axb5 axb5 41. Ra3 Rb7 42. Ra6+ Kc7 43. Qe8 1-0

[Event "2017 Edmonton International"]
[Site "?"]
[Date "2017.06.22"]
[Round "4"]
[White "Heredia Serrano, Carla"]
[Black "Arruebarrena, Rafael"]
[Result "1/2-1/2"]
[WhiteElo "2082"]
[BlackElo "2323"]
[PlyCount "82"]
[EventDate "2017.??.??"]
[SourceDate "2017.09.01"]

1. e4 c5 2. Nc3 Nc6 3. Bb5 Nd4 4. Nf3 e6 5. Nxd4 cxd4 6. Ne2 Qg5 7. Bd3 Qxg2 8.
Ng3 Qh3 9. c3 Bc5 10. b4 Bb6 11. a4 Nf6 12. a5 Bc7 13. cxd4 O-O 14. Qf3 e5 15.
Bf1 Qh4 16. Nf5 Qxe4+ 17. Qxe4 Nxe4 18. Ne7+ Kh8 19. Nd5 Bd6 20. Bg2 f5 21. Bb2
Re8 22. dxe5 Bxe5 23. d4 Bd6 24. O-O Kg8 25. b5 Rb8 26. Rfe1 Kf7 27. Bf1 Nf6
28. Rxe8 Kxe8 29. Nxf6+ gxf6 30. Bd3 Bb4 31. Bxf5 d5 32. Bxh7 Bd7 33. b6 axb6
34. axb6 Kf7 35. Ra7 Bb5 36. Ba3 Bxa3 37. Rxa3 Rc8 38. Bd3 Rc1+ 39. Kg2 Bxd3
40. Rxd3 Rb1 41. Rg3 Rxb6 1/2-1/2

[Event "2017 Edmonton International"]
[Site "?"]
[Date "2017.07.23"]
[Round "6"]
[White "Villavieja, Butch"]
[Black "Valencia, Belsar"]
[Result "1/2-1/2"]
[WhiteElo "2194"]
[BlackElo "2373"]
[PlyCount "100"]
[EventDate "2017.??.??"]
[SourceDate "2017.09.01"]

1. e4 c5 2. Nf3 d6 3. d4 cxd4 4. Nxd4 Nf6 5. Nc3 Nc6 6. Bg5 e6 7. Qd2 a6 8.
O-O-O h6 9. Bf4 Bd7 10. Nb3 Ne5 11. f3 Qc7 12. Be2 b5 13. a3 Nc4 14. Qe1 e5 15.
Bg3 Rc8 16. Bxc4 bxc4 17. Nd2 Be7 18. Bh4 g5 19. Bf2 Rb8 20. Qe3 Be6 21. Ndb1
Qb7 22. Na4 d5 23. exd5 Nxd5 24. Qa7 Qxa7 25. Bxa7 Rc8 26. Nbc3 Nxc3 27. Nxc3
Rd8 28. Rhe1 f6 29. Ne4 Kf7 30. Bc5 Rxd1+ 31. Rxd1 f5 32. Nd6+ Kf6 33. Nb7 Rc8
34. Bb4 Rc7 35. Nd6 Rd7 36. Ne8+ Kf7 37. Rxd7 Bxd7 38. Nc7 Bc8 39. Bxe7 Kxe7
40. Nd5+ Kd6 41. Ne3 Be6 42. Kd2 f4 43. Nd1 g4 44. Nc3 gxf3 45. gxf3 Bd5 46.
Ke2 Bc6 47. Nd1 Kc5 48. Nf2 h5 49. Nd1 Ba4 50. Kd2 Bc6 1/2-1/2

[Event "23rd Medicine Hat Open"]
[Site "?"]
[Date "2017.09.24"]
[Round "4"]
[White "Linnick, Mark"]
[Black "Hughey, Leah"]
[Result "1-0"]
[WhiteElo "1671"]
[BlackElo "1711"]
[PlyCount "75"]
[EventDate "2017.??.??"]
[SourceDate "2017.09.01"]

1. d4 Nf6 2. Nf3 c5 3. e3 cxd4 4. exd4 Nc6 5. Bd3 d5 6. h3 g6 7. c3 Bg7 8. Bf4
Nh5 9. Bh2 O-O 10. O-O Bh8 11. Re1 Ng7 12. Na3 a6 13. Nc2 Bf5 14. a4 Bxd3 15.
Qxd3 e6 16. b4 Nf5 17. Rab1 b6 18. b5 Na5 19. bxa6 Nc4 20. Nb4 Qd7 21. Ra1 Rfc8
22. Ne5 Qe8 23. Nxc4 Rxc4 24. Nxd5 Qc6 25. Nxb6 Rxc3 26. Qb5 Rxa6 27. Qxa6 Bxd4
28. Qa8+ Qxa8 29. Nxa8 Rc2 30. Rf1 e5 31. a5 e4 32. Ra4 e3 33. Rxd4 exf2+ 34.
Rxf2 Nxd4 35. Rxc2 Nxc2 36. Nc7 Nb4 37. a6 Nc6 38. Nb5 1-0

[Event "23rd Medicine Hat Open"]
[Site "?"]
[Date "2017.09.23"]
[Round "1"]
[White "Hughey, Leah"]
[Black "Slaby, Randolph"]
[Result "1-0"]
[WhiteElo "1711"]
[BlackElo "1001"]
[PlyCount "58"]
[EventDate "2017.??.??"]
[SourceDate "2017.09.01"]

1. c4 e6 2. g3 d5 3. Bg2 c6 4. Nc3 Bd6 5. cxd5 cxd5 6. d4 f5 7. Nf3 Nf6 8. Bg5
O-O 9. Ne5 Qe8 10. Qb3 Kh8 11. h4 Nbd7 12. Nb5 Qe7 13. f4 a6 14. Nc3 Qe8 15.
Bf3 Ne4 16. Bxe4 dxe4 17. h5 Nxe5 18. fxe5 Be7 19. Bf4 b5 20. O-O-O Qc6 21. Kb1
h6 22. d5 exd5 23. Nxd5 Be6 24. Nxe7 Bxb3 25. Nxc6 Be6 26. Rd6 Bc4 27. e6 Rac8
28. e7 Rfe8 29. Rd8 Kg8 1-0

[Event "23rd Medicine Hat Open"]
[Site "?"]
[Date "2017.09.23"]
[Round "2"]
[White "Taylor, Bill"]
[Black "Panteluk, Steve"]
[Result "1-0"]
[WhiteElo "1772"]
[BlackElo "1868"]
[PlyCount "67"]
[EventDate "2017.??.??"]
[SourceDate "2017.09.01"]

1. f4 e6 2. Nf3 Nf6 3. b3 d5 4. e3 Bd7 5. Bb2 Nc6 6. Be2 Bd6 7. O-O O-O 8. c4
b6 9. d4 Ne7 10. Bd3 Ng6 11. Ne5 Ne4 12. Nxd7 Qxd7 13. Bxe4 dxe4 14. Nc3 f5 15.
Rc1 a6 16. a3 Ne7 17. b4 c6 18. Qb3 Rf6 19. Rcd1 Rg6 20. Rf2 Rf8 21. d5 Rg4 22.
h3 Rh4 23. Kh2 e5 24. dxc6 Qe6 25. Rxd6 Qc8 26. g3 Rh5 27. c5+ Kh8 28. Qe6 exf4
29. exf4 Qe8 30. Nd5 e3 31. Qxe3 Rf7 32. Re2 bxc5 33. Nxe7 Qb8 34. Qxc5 1-0

[Event "23rd Medicine Hat Open"]
[Site "?"]
[Date "2017.09.24"]
[Round "4"]
[White "Taylor, Bill"]
[Black "Findlay, Ian"]
[Result "0-1"]
[WhiteElo "1772"]
[BlackElo "2220"]
[PlyCount "44"]
[EventDate "2017.??.??"]
[SourceDate "2017.09.01"]

1. f4 g6 2. b3 Bg7 3. Nc3 Nf6 4. Bb2 O-O 5. e3 d6 6. Nf3 Nbd7 7. Be2 e5 8. fxe5
Nxe5 9. Nxe5 dxe5 10. O-O Be6 11. Bf3 c6 12. Qe2 Re8 13. g3 Qe7 14. Rad1 Rad8
15. d3 h5 16. h4 e4 17. Nxe4 Nxe4 18. Bxg7 Nxg3 19. Qg2 Nxf1 20. Bh6 Nxe3 21.
Bg5 Nxg2 22. Bxe7 Rxe7 0-1

[Event "23rd Medicine Hat Open"]
[Site "?"]
[Date "2017.09.24"]
[Round "5"]
[White "Quiring, John"]
[Black "Taylor, Bill"]
[Result "1/2-1/2"]
[WhiteElo "1827"]
[BlackElo "1772"]
[PlyCount "39"]
[EventDate "2017.??.??"]
[SourceDate "2017.09.01"]

1. e4 Nf6 2. e5 Nd5 3. d4 d6 4. Nf3 Bg4 5. exd6 exd6 6. c3 Qe7+ 7. Be2 Bxf3 8.
gxf3 Nd7 9. O-O O-O-O 10. c4 N5f6 11. Nc3 h6 12. b4 g6 13. Re1 Re8 14. Qa4 Kb8
15. c5 dxc5 16. bxc5 Nxc5 17. dxc5 Qxc5 18. Rb1 Qxc3 19. Rxb7+ Kxb7 20. Ba6+
1/2-1/2

[Event "23rd Medicine Hat Open"]
[Site "?"]
[Date "2017.09.23"]
[Round "1"]
[White "Sunley, Ryan"]
[Black "Taylor, Bill"]
[Result "0-1"]
[WhiteElo "1207"]
[BlackElo "1772"]
[PlyCount "56"]
[EventDate "2017.??.??"]
[SourceDate "2017.09.01"]

1. d4 d5 2. Nd2 Nf6 3. e3 Bf5 4. f3 e6 5. c3 h6 6. Qa4+ Qd7 7. Qb3 c6 8. g3 Be7
9. c4 O-O 10. c5 Bd8 11. Bd3 Bxd3 12. Qxd3 Bc7 13. Ne2 e5 14. Qb3 exd4 15. Qxb7
Bxg3+ 16. hxg3 Qxb7 17. Nxd4 Qe7 18. N2b3 a5 19. Nf5 Qd7 20. Nbd4 Re8 21. Nd6
Re5 22. Bd2 Na6 23. O-O-O Nxc5 24. N4f5 Rxf5 25. Nxf5 Qxf5 26. f4 Nd3+ 27. Kc2
Nf2+ 28. Kc3 Qd3# 0-1

[Event "23rd Medicine Hat Open"]
[Site "?"]
[Date "2017.09.23"]
[Round "3"]
[White "Dave, Bhavik"]
[Black "Hughey, Micah"]
[Result "0-1"]
[WhiteElo "1778"]
[BlackElo "2061"]
[PlyCount "108"]
[EventDate "2017.??.??"]
[SourceDate "2017.09.01"]

1. d4 d5 2. c4 e6 3. Nc3 c5 4. cxd5 cxd4 5. Qa4+ Bd7 6. Qxd4 exd5 7. Qxd5 Nc6
8. Bg5 Nf6 9. Bxf6 Qxf6 10. O-O-O O-O-O 11. Nf3 Bf5 12. Qc4 Bb4 13. Nd5 Qh6+
14. e3 Be6 15. a3 Bd6 16. Nd4 Bxd5 17. Qxd5 Be5 18. Nxc6 Rxd5 19. Ne7+ Kb8 20.
Nxd5 Rd8 21. Kb1 Qe6 22. e4 Bxh2 23. f3 Bf4 24. Rxh7 Bh6 25. Bd3 Qg6 26. e5
Qxg2 27. Be4 Qg3 28. Nc3 Rxd1+ 29. Nxd1 Qe1 30. Bc2 Qxe5 31. Rh8+ Kc7 32. Nc3
Bd2 33. Ne4 f5 34. Nxd2 Qe1+ 35. Ka2 Qxd2 36. Kb1 a6 37. Rf8 g6 38. Rf7+ Kb8
39. Rg7 g5 40. Rf7 g4 41. Rxf5 g3 42. Rf8+ Ka7 43. Rg8 Qe1+ 44. Ka2 Qe6+ 45.
Bb3 Qxg8 46. Bxg8 g2 47. Bh7 g1=Q 48. Be4 Qd4 49. Kb3 b5 50. Kc2 a5 51. b3 Kb6
52. Ba8 Qa1 53. a4 Qa2+ 54. Kc3 b4+ 0-1

[Event "23rd Medicine Hat Open"]
[Site "?"]
[Date "2017.09.24"]
[Round "4"]
[White "Sharma, Vishruth"]
[Black "Perron, Sean"]
[Result "0-1"]
[WhiteElo "1653"]
[BlackElo "2117"]
[PlyCount "78"]
[EventDate "2017.??.??"]
[SourceDate "2017.09.01"]

1. e4 e6 2. d4 d5 3. e5 c5 4. c3 Bd7 5. Nf3 Qb6 6. Be2 Bb5 7. O-O Nc6 8. Be3
Nh6 9. Bxb5 Qxb5 10. Qd2 Nf5 11. a4 Qa5 12. Qe2 Nxe3 13. fxe3 Be7 14. Nbd2 O-O
15. Nb3 Qc7 16. Qb5 a6 17. Qe2 Rac8 18. Rac1 Qb6 19. Qc2 h6 20. Kh1 Qc7 21.
Rce1 b6 22. Qf2 f6 23. exf6 Rxf6 24. Qe2 c4 25. Nbd2 Rcf8 26. e4 b5 27. axb5
axb5 28. e5 R6f7 29. Ra1 b4 30. h3 Rb8 31. Rfb1 Rff8 32. Ra6 Rb6 33. Rba1 Rxa6
34. Rxa6 Qb7 35. Ra1 Ra8 36. Qf1 Ra6 37. Rxa6 Qxa6 38. cxb4 Nxb4 39. b3 c3 0-1

[Event "23rd Medicine Hat Open"]
[Site "?"]
[Date "2017.09.23"]
[Round "1"]
[White "Panteluk, Steve"]
[Black "Sharma, Vishruth"]
[Result "1-0"]
[WhiteElo "1830"]
[BlackElo "1653"]
[PlyCount "109"]
[EventDate "2017.??.??"]
[SourceDate "2017.09.01"]

1. d4 Nf6 2. c4 g6 3. Nf3 Bg7 4. g3 O-O 5. Bg2 c6 6. Nc3 d5 7. b3 e6 8. O-O Re8
9. Qc2 a6 10. Re1 b5 11. cxb5 axb5 12. Bb2 Qd6 13. e4 Qf8 14. Ne5 Nfd7 15. a4
Nxe5 16. dxe5 b4 17. Ne2 Bb7 18. Nf4 Na6 19. Nd3 Rac8 20. Qd2 Red8 21. Qe3 c5
22. exd5 Bxd5 23. Bf1 Bh6 24. f4 Nb8 25. Rac1 Nd7 26. Nf2 Qe7 27. Rc2 g5 28.
Ng4 Bg7 29. fxg5 Kh8 30. Nf6 Bxf6 31. gxf6 Qf8 32. Bc4 Nb6 33. Bd3 Bxb3 34. Rf2
Nxa4 35. Bxh7 Kxh7 36. Rf4 Bc2 37. Rh4+ Kg8 38. Qf2 Bg6 39. Qg2 Nxb2 40. Qh3
Qg7 41. fxg7 Kxg7 42. Qf1 Kf8 43. Qf6 Ke8 44. Rh8+ Kd7 45. Rxd8+ Rxd8 46. h4 c4
47. Qg5 c3 48. h5 Bd3 49. Qe3 Bc4 50. Qa7+ Ke8 51. h6 Kf8 52. Qc5+ Kg8 53. Qe3
Bd3 54. Qg5+ Bg6 55. Qxd8+ 1-0

[Event "23rd Medicine Hat Open"]
[Site "?"]
[Date "2017.09.24"]
[Round "4"]
[White "Panteluk, Steve"]
[Black "Jonker, Chris"]
[Result "0-1"]
[WhiteElo "1868"]
[BlackElo "1563"]
[PlyCount "72"]
[EventDate "2017.??.??"]
[SourceDate "2017.09.01"]

1. d4 e6 2. Nf3 Nf6 3. c4 d5 4. g3 Be7 5. Bg2 O-O 6. O-O c6 7. c5 b6 8. b4 Ne4
9. Qc2 Bb7 10. Bb2 f5 11. Nbd2 Nd7 12. a4 g5 13. Ne5 Nxe5 14. dxe5 Nxd2 15.
Qxd2 bxc5 16. bxc5 Bxc5 17. Qc3 Be7 18. Rfd1 Qb6 19. h3 c5 20. Rab1 d4 21. Qa3
Bxg2 22. Bxd4 Qc6 23. Rdc1 Bxh3 24. f3 Rfc8 25. a5 Qd5 26. Bb2 Rc7 27. Rd1 c4
28. Qc3 Qc5+ 29. e3 Qc6 30. Kf2 g4 31. e4 fxe4 32. Rd6 Qc5+ 33. Ke2 exf3+ 34.
Kd2 Qf2+ 35. Kc1 Bg5+ 36. Kd1 Qe2# 0-1

[Event "23rd Medicine Hat Open"]
[Site "?"]
[Date "2017.09.23"]
[Round "2"]
[White "Quiring, John"]
[Black "Dave, Bhavik"]
[Result "0-1"]
[WhiteElo "1827"]
[BlackElo "1778"]
[PlyCount "35"]
[EventDate "2017.??.??"]
[SourceDate "2017.09.01"]

1. e4 e5 2. Nf3 Nc6 3. c3 d5 4. exd5 Qxd5 5. d3 Bg4 6. Be2 O-O-O 7. Nbd2 f5 8.
O-O Nf6 9. b4 h6 10. Bb2 e4 11. dxe4 fxe4 12. Nd4 Bxe2 13. Qxe2 Nxd4 14. cxd4
Bxb4 15. Nb3 Rhe8 16. Rfc1 Qd6 17. Rc4 Nd5 18. Rac1 {Unreadable.} 0-1

[Event "23rd Medicine Hat Open"]
[Site "?"]
[Date "2017.09.23"]
[Round "1"]
[White "Dave, Bhavik"]
[Black "Berndtsson, Kurt"]
[Result "1-0"]
[WhiteElo "1778"]
[BlackElo "1247"]
[PlyCount "65"]
[EventDate "2017.??.??"]
[SourceDate "2017.09.01"]

1. d4 Nf6 2. c4 e6 3. Nc3 g6 4. e4 d6 5. f4 c5 6. d5 Bg7 7. e5 dxe5 8. fxe5
Nfd7 9. dxe6 fxe6 10. Nf3 O-O 11. Bg5 Qa5 12. Be7 Re8 13. Qd6 Qb6 14. Nb5 Nxe5
15. Nxe5 Qa5+ 16. Nc3 Bxe5 17. Qxe5 Rxe7 18. O-O-O Nc6 19. Qg5 Rf7 20. Bd3 Qd8
21. Qxc5 Bd7 22. h4 Qe7 23. Qe3 Rf6 24. h5 Be8 25. Ne4 Rf5 26. g4 Rd8 27. gxf5
exf5 28. Qg5 fxe4 29. Qxe7 Nxe7 30. Bxe4 Rb8 31. hxg6 Nxg6 32. Rdf1 Kg7 33.
Rhg1 {[moves missing]} 1-0

[Event "23rd Medicine Hat Open"]
[Site "?"]
[Date "2017.09.23"]
[Round "2"]
[White "Perron, Sean"]
[Black "Jonker, Chris"]
[Result "1-0"]
[WhiteElo "2117"]
[BlackElo "1563"]
[PlyCount "53"]
[EventDate "2017.??.??"]
[SourceDate "2017.09.01"]

1. e4 e6 2. f4 d5 3. d3 Nf6 4. Qe2 Be7 5. Nf3 O-O 6. g3 a6 7. Bg2 Bc5 8. e5
Nfd7 9. d4 Be7 10. Be3 c5 11. c3 Nc6 12. O-O Qb6 13. b3 cxd4 14. cxd4 f6 15.
Nc3 fxe5 16. fxe5 Qd8 17. h4 b5 18. Ng5 Rxf1+ 19. Rxf1 Bxg5 20. Bxg5 Qe8 21.
Nxd5 Ra7 22. Qf2 h6 23. Be3 Ne7 24. Nxe7+ Qxe7 25. d5 Nxe5 26. Bxa7 Nd7 27. Qd4
1-0

[Event "23rd Medicine Hat Open"]
[Site "?"]
[Date "2017.09.23"]
[Round "2"]
[White "Linnick, Mark"]
[Black "Wong, Ford"]
[Result "1-0"]
[WhiteElo "1617"]
[BlackElo "1795"]
[PlyCount "24"]
[EventDate "2017.??.??"]
[SourceDate "2017.09.01"]

1. d4 Nf6 2. Nf3 g6 3. Nc3 d5 4. Bf4 c6 5. h3 Bg7 6. e3 Nbd7 7. Bd3 b5 8. O-O
O-O 9. a4 b4 10. Ne2 Ne4 11. c4 bxc3 12. Nxc3 Ndf6 {Unreadable} 1-0

[Event "23rd Medicine Hat Open"]
[Site "?"]
[Date "2017.09.23"]
[Round "1"]
[White "Wong, Ford"]
[Black "Viminitz, Paul"]
[Result "1-0"]
[WhiteElo "1795"]
[BlackElo "1407"]
[PlyCount "53"]
[EventDate "2017.??.??"]
[SourceDate "2017.09.01"]

1. d4 Nf6 2. c4 g6 3. Nc3 Bg7 4. e4 d6 5. f3 O-O 6. Be3 e5 7. d5 b6 8. Bd3 Bb7
9. Qd2 Nbd7 10. Nge2 c6 11. O-O Qe7 12. Rac1 Rac8 13. Bg5 Nc5 14. Rfd1 Nxd3 15.
Qxd3 Rfd8 16. dxc6 Bxc6 17. Nd5 Bxd5 18. cxd5 h6 19. Bxf6 Bxf6 20. Rc6 Qd7 21.
Rdc1 Bg5 22. R1c3 f5 23. Ng3 f4 24. Ne2 Rxc6 25. Rxc6 Rc8 26. Qc4 Rxc6 27.
dxc6+ 1-0

[Event "23rd Medicine Hat Open"]
[Site "?"]
[Date "2017.09.23"]
[Round "1"]
[White "Findlay, Ian"]
[Black "Zuna, Jakov"]
[Result "1-0"]
[WhiteElo "2220"]
[BlackElo "1679"]
[PlyCount "55"]
[EventDate "2017.??.??"]
[SourceDate "2017.09.01"]

1. e4 c5 2. Nf3 Nc6 3. d4 cxd4 4. Nxd4 e5 5. Nb5 d6 6. N1c3 a6 7. Na3 Nf6 8.
Bg5 h6 9. Bxf6 gxf6 10. Nd5 f5 11. exf5 Bxf5 12. Nc4 Nd4 13. Nce3 Bg6 14. c3
Nc6 15. Qf3 Bg7 16. Nf5 O-O 17. Bd3 Qg5 18. h4 Qd8 19. Rh3 e4 20. Bxe4 Ne5 21.
Qf4 Re8 22. O-O-O Qa5 23. h5 Qxa2 24. Nfe7+ Rxe7 25. Nxe7+ Kh8 26. hxg6 Qa1+
27. Bb1 Nxg6 28. Rxh6+ 1-0

[Event "23rd Medicine Hat Open"]
[Site "?"]
[Date "2017.09.23"]
[Round "2"]
[White "Menard, Tyson"]
[Black "Findlay, Ian"]
[Result "0-1"]
[WhiteElo "1799"]
[BlackElo "2220"]
[PlyCount "63"]
[EventDate "2017.??.??"]
[SourceDate "2017.09.01"]

1. e4 c5 2. Nf3 d6 3. d4 cxd4 4. Nxd4 Nf6 5. Nc3 g6 6. Be3 Bg7 7. f3 Nc6 8. Qd2
O-O 9. O-O-O d5 10. exd5 Nxd5 11. Nxc6 bxc6 12. Bd4 e5 13. Bc5 Be6 14. Bc4 Qh4
15. Bxd5 Rfd8 16. g3 Qh5 17. h4 e4 18. g4 Qe5 19. Bd4 Qxd4 20. Qxd4 Bxd4 21.
Rxd4 cxd5 22. fxe4 dxe4 23. Rxe4 Kg7 24. g5 h6 25. Rf4 Rac8 26. gxh6+ Kxh6 27.
Rd1 Rxd1+ 28. Kxd1 Kh5 29. Kd2 Rc4 30. Ne4 Kh6 31. c3 f5 32. b3 0-1

[Event "23rd Medicine Hat Open"]
[Site "?"]
[Date "2017.09.23"]
[Round "3"]
[White "Sunley, Ryan"]
[Black "Menard, Tyson"]
[Result "0-1"]
[WhiteElo "1202"]
[BlackElo "1799"]
[PlyCount "68"]
[EventDate "2017.??.??"]
[SourceDate "2017.09.01"]

1. d4 Nf6 2. Nf3 g6 3. e3 Bg7 4. Bc4 O-O 5. O-O d5 6. Bd3 c5 7. dxc5 Qa5 8. c4
dxc4 9. Bd2 Qxc5 10. Qc2 Nc6 11. Qxc4 Qxc4 12. Bxc4 Ne4 13. Bc3 Nxc3 14. Nxc3
Bg4 15. h3 Bxf3 16. Bxf7+ Rxf7 17. gxf3 Bxc3 18. bxc3 Rxf3 19. Kg2 Rf5 20. Rfd1
Raf8 21. f4 e5 22. Rd5 exf4 23. Rxf5 Rxf5 24. exf4 Rxf4 25. Re1 Kf7 26. Kg3 Rf5
27. Rd1 Ke6 28. Re1+ Ne5 29. Rb1 b6 30. Rb4 Rf3+ 31. Kh2 Rxc3 32. Rh4 h5 33.
Rd4 Nf3+ 34. Kg3 Nxd4+ 0-1